000 00775nam a2200253Ia 4500
003 OSt
005 20220923224057.0
006 a|||||r|||| 00| 0
007 ta
008 220922b |||||||| |||| 00| 0 hin d
024 _a225,171
037 _cTextual
040 _aARTS
_cARTS
_bhin
041 _2hin
_ahin
082 _aO152,3N59x, N9
100 _aसुनीता
245 0 _aजागृति
_b कहानी संग्रह
246 _aJāgṛuti: kahānī sangraha
260 _aदिल्ली
_b रविम प्रकाशन
_c1999
300 _a80पृ.
_ccm.
650 _aहिन्दी साहित्य
_9156264
942 _hO152,3N59x, N9
_cTEXL
_2CC
999 _c369067
_d369067